| 000 | 00536nam a2200169 a 4500 | ||
|---|---|---|---|
| 001 | 000047978 | ||
| 005 | 20201002060836.0 | ||
| 008 | 181009s1987 dr a r 000 0 spa d | ||
| 040 |
_aDO-SdBNP _bspa _cBNPHU |
||
| 082 |
_axxxx _bxxxx |
||
| 245 | 0 | 0 |
_aHomenaje a Máximo Gómez : _ben el 150 aniversario de su nacimiento. |
| 260 |
_aSanto Domingo : _bCasa Weber, _c1987. |
||
| 300 |
_a37 p. : _bil. ; _c16 cm. |
||
| 490 | 1 |
_aAntología de nuestra voz _v29 |
|
| 590 | _aInventariado, 2018/BT | ||
| 830 | 0 |
_aAntología de nuestra voz _n29 _975494 |
|
| 999 |
_c47466 _d47466 |
||